000 01032cam a2200289 a 4500
001 000006499
005 20200929153936.0
008 970604s1995 ck ac b f001 0 spa
020 _a9586122360 (obra completa)
020 _a9586122379 (tomo 1)
020 _a9586122387 (tomo 2)
035 _a(DLC) 97158133
040 _aDO-SdBNP
_bspa
_cDLC
_dBNPHU
043 _as-ck---
082 _a069.09861
_bI89m
245 0 0 _aItinerario del Museo Nacional de Colombia, 1823-1994 /
_cMartha Segura [compiladora].
260 _aBogotá :
_bMuseo Nacional de Colombia,
_c1995.
300 _a2 v. :
_bil., retrs. ;
_c23 cm.
504 _aIncluye referencias bibliográficas índices (v. 2, p. 307-314)
505 0 _at. 1. Cronología -- t. 2. Historia de las sedes.
610 1 4 _aMUSEO NACIONAL DE COLOMBIA
_xHISTORIA
_918016
650 4 _aMuseo histórico
_xBogotá (colombia)
_918017
700 1 _aSegura, Martha.
_918018
710 2 _aMuseo Nacional de Colombia.
_918019
910 _aCatalogación por copia / LC
049 _aBNGR
999 _c6290
_d6290